00561nam a2200145Ia 4500008004100000020001800041041000800059082002700067100002200094245004700116260003700163300000900200999001900209952018700228230411s9999 xx 000 0 und d a81-8448-545-X aeng aCH/610.7343/CLE/B06581 aClement I9119826 aBasic Concepts of Community Health Nursing bJaypee BrothersaNew Delhic2009 a624p c156949d156949 001040708CHaBTINbBTINd2011-02-25eJaypee Brothers Medical Publishersg475.00i4857l0oCH 610.7343 CLE B06581pBTIN-BK-6581r2023-04-11 00:00:00v347.00w2011-02-25yBKzB06581